[Event "Challenge"]
[Site "http://www.queenalice.com/game.php?id=627868"]
[Date "2009.7.31"]
[Round "-"]
[White "fabiobatalha"]
[Black "umgeher"]
[Result "0-1"]
[WhiteElo "1100"]
[BlackElo "1497"]

1. e4 c5 2. b3 Nc6 3. d3 Nf6 4. Nc3 a6 5. Nf3 d6 6. Nh4 g5 7. Nf5 h5 8. Bxg5 Rg8
9. h4 e6 10. Nh6 Bxh6 11. Bxh6 Ng4 12. Be3 Qa5 13. Bd2 Nd4 14. Ne2 Qa3 15. Ng3
Qb2 16. Nxh5 Nxc2+ 17. Ke2 Nd4+ 18. Ke1 Nc2+ 19. Ke2 Nxa1 20. f3 Nh6 21. Rh3 Ke7
22. Rg3 e5 23. Ng7 Qxa2 24. Kf2 Nxb3 25. Kg1 Nxd2 26. Nf5+ Nxf5 27. Rxg8 Nxh4
28. Qe1 Ndxf3+ 29. gxf3 Nxf3+ 30. Kh1 Qh2# 0-1

[Event "Challenge"]
[Site "http://www.queenalice.com/game.php?id=628006"]
[Date "2009.7.31"]
[Round "-"]
[White "fabiobatalha"]
[Black "dionesf"]
[Result "0-1"]
[WhiteElo "1099"]
[BlackElo "1160"]

1. e4 e5 2. b3 b6 3. Nc3 d6 4. Nf3 Nf6 5. Bb5+ Ke7 6. Qe2 a6 7. Nh4 g5 8. Qf3
gxh4 9. h3 axb5 10. g4 c6 11. g5 Bg7 12. Rg1 Nfd7 13. Ba3 f6 14. gxf6+ Bxf6 15.
Rd1 Na6 16. Qd3 b4 17. Nd5+ cxd5 18. Qxd5 Nc7 19. Qc6 bxa3 20. Rf1 Nb8 21. Qxb6
Ra6 22. Qb4 Nc6 23. Qc3 Nb5 24. Qe3 Ncd4 25. Qd3 Bd7 26. c3 Ne6 27. c4 Nbd4 28.
c5 dxc5 29. Qxa6 Bb5 30. Qxa3 Nc2# 0-1

[Event "Challenge"]
[Site "http://www.queenalice.com/game.php?id=628491"]
[Date "2009.8.1"]
[Round "-"]
[White "devagar"]
[Black "fabiobatalha"]
[Result "1-0"]
[WhiteElo "1874"]
[BlackElo "1100"]

1. e4 Nc6 2. Nf3 Nf6 3. e5 Nd5 4. c4 Nf4 5. g3 Ng6 6. d4 e6 7. Nc3 b6 8. Bg2 Ba6
9. b3 Bb4 10. Bb2 f6 11. O-O fxe5 12. dxe5 h5 13. a3 Bc5 14. Ne4 Rf8 15. Re1 Na5
16. Rc1 Nxb3 17. Qxb3 Rf5 18. Nxc5 bxc5 19. Qe3 Rb8 20. Ba1 h4 21. Qxc5 hxg3 22.
fxg3 Rb3 23. Nd4 Rxa3 24. Nxf5 Ra2 25. Nxg7+ Kf7 26. Nh5 Qg5 27. Rf1+ Kg8 28.
Nf4 Nxf4 29. Rxf4 d6 30. Qxc7 1-0

[Event "Challenge"]
[Site "http://www.queenalice.com/game.php?id=631346"]
[Date "2009.8.6"]
[Round "-"]
[White "umgeher"]
[Black "fabiobatalha"]
[Result "1-0"]
[WhiteElo "1499"]
[BlackElo "1014"]

1. e4 Nf6 2. Nc3 d6 3. d4 Nc6 4. Bb5 a6 5. Bxc6+ bxc6 6. Bg5 Rb8 7. b3 h6 8.
Bxf6 gxf6 9. Qf3 Rg8 10. O-O-O Bg4 11. Qg3 h5 12. h3 Bh6+ 13. Kb2 Kf8 14. hxg4
hxg4 15. Rxh6 Qd7 16. Qh4 e5 17. Rxf6 Qd8 18. Qh6+ Rg7 19. dxe5 Qe8 20. exd6
cxd6 21. Rdxd6 Ke7 22. Qxg7 Qf8 23. Qxg4 c5 24. Qd7# 1-0

[Event "Challenge"]
[Site "http://www.queenalice.com/game.php?id=636405"]
[Date "2009.8.14"]
[Round "-"]
[White "edgar_pitoco"]
[Black "fabiobatalha"]
[Result "0-1"]
[WhiteElo "1133"]
[BlackElo "1102"]

1. d4 Nf6 2. Nf3 Ne4 3. b4 Na6 4. b5 Nb4 5. a3 Nd5 6. a4 c6 7. bxc6 bxc6 8. e3
Ndc3 9. Nxc3 Nxc3 10. Qd2 Qa5 11. h4 e6 12. Bb2 Bb4 13. g4 Ne4 14. c3 Nxc3 15.
g5 Ne4 16. Bc3 Bxc3 17. Rd1 Bxd2+ 18. Rxd2 Nxd2 19. Nxd2 Rb8 20. Ke2 Rb2 21. Bh3
Qxd2+ 22. Kf3 Qe2+ 23. Ke4 Qh5 24. Bg2 Qg4+ 25. f4 Qxg2+ 0-1

[Event "Challenge"]
[Site "http://www.queenalice.com/game.php?id=647454"]
[Date "2009.9.4"]
[Round "-"]
[White "fabiobatalha"]
[Black "umgeher"]
[Result "0-1"]
[WhiteElo "1102"]
[BlackElo "1507"]

1. e4 c5 2. d3 e5 3. g3 g5 4. b3 d5 5. Nf3 dxe4 6. dxe4 Nc6 7. Qxd8+ Nxd8 8.
Bxg5 f6 9. Bxf6 Nxf6 10. Nxe5 Nxe4 11. Bb5+ Ke7 12. Nd2 Nc3 13. Bc4 Bg7 14. f4
Bxe5 15. fxe5 Re8 16. Rf1 Bh3 17. Rf3 b5 18. Rxc3 bxc4 19. Rxc4 Rc8 20. Rf4 Ne6
21. Rh4 Bg2 22. Rxh7+ Kd8 23. Rxa7 Nd4 24. Nc4 Nxc2+ 25. Kf2 Bd5 26. Rd1 Rf8+
27. Ke2 Nd4+ 28. Kd2 Rf2+ 29. Kc1 Ne2+ 30. Kb2 Nd4+ 31. Nd2 c4 32. Rh7 cxb3 33.
Rh8+ Kd7 34. Rxc8 Kxc8 35. Rc1+ Kd7 36. Rd1 bxa2 37. Ka1 Nc2+ 38. Kb2 Ne3 39.
Kc3 Nxd1+ 40. Kd4 Rxd2+ 41. Kc5 a1=Q 42. h4 Qxe5 43. Kb4 Bc6 44. Kb3 Qc3# 0-1

[Event "Challenge"]
[Site "http://www.queenalice.com/game.php?id=657771"]
[Date "2009.9.25"]
[Round "-"]
[White "umgeher"]
[Black "fabiobatalha"]
[Result "1-0"]
[WhiteElo "1505"]
[BlackElo "1102"]

1. e4 b6 2. f4 d5 3. e5 Nh6 4. Nc3 Bg4 5. Be2 Bxe2 6. Qxe2 e6 7. d4 Bb4 8. a3
Bxc3+ 9. bxc3 Qh4+ 10. g3 Qg4 11. f5 Qxf5 12. Bxh6 gxh6 13. g4 Qe4 14. Qxe4 dxe4
15. Ne2 f5 16. gxf5 exf5 17. Rf1 Rf8 18. Nf4 Nd7 19. Ne6 Rg8 20. Nxc7+ Kf7 21.
e6+ Ke7 22. exd7 Kxd7 23. Nxa8 Rxa8 24. Rxf5 Rc8 25. Rf7+ Ke8 26. Rxh7 Rxc3 27.
O-O-O Rf3 28. d5 Rxa3 29. Kd2 e3+ 30. Ke2 Rc3 31. d6 Rxc2+ 32. Kxe3 Rc3+ 33. Rd3
Rc8 34. d7+ Kf8 35. dxc8=Q# 1-0

[Event "Challenge"]
[Site "http://www.queenalice.com/game.php?id=663117"]
[Date "2009.10.5"]
[Round "-"]
[White "umgeher"]
[Black "fabiobatalha"]
[Result "0-1"]
[WhiteElo "1511"]
[BlackElo "1145"]

1. e4 c6 2. d4 g6 3. Bc4 e6 4. Bf4 d5 5. exd5 cxd5 6. Bb5+ Bd7 7. Bxd7+ Nxd7 8.
Nc3 Bb4 9. a3 Bxc3+ 10. bxc3 Rc8 11. Qd3 Ngf6 12. Ne2 Qb6 13. O-O h6 14. Rfb1
Qa6 15. Rb5 Rc4 16. Rab1 Qc6 17. Rxb7 Rxc3 18. Rb8+ Nxb8 19. Rxb8+ Ke7 20. Nxc3
Rxb8 21. Bxh6 Qxc3 22. f3 Qxd3 23. cxd3 Rb3 24. g4 Rxd3 25. a4 Rxf3 26. Kg2 Ra3
27. Bf4 Nxg4 28. h3 Nf6 29. Bg5 Rxa4 30. Be3 Rb4 31. Kf3 a5 32. Kf4 a4 33. Ke5
a3 34. Bg5 a2 35. Bxf6+ Kd7 36. h4 a1=Q 0-1

[Event "Challenge"]
[Site "http://www.queenalice.com/game.php?id=663118"]
[Date "2009.10.5"]
[Round "-"]
[White "fabiobatalha"]
[Black "umgeher"]
[Result "0-1"]
[WhiteElo "1102"]
[BlackElo "1509"]

1. e4 e5 2. g4 d5 3. d4 Nf6 4. f3 exd4 5. Qxd4 Nc6 6. Qe5+ Nxe5 7. Bg5 Bb4+ 8.
c3 Bc5 9. Bxf6 Qxf6 10. h4 Bxg1 11. Rxg1 Nxf3+ 12. Ke2 Nxg1+ 13. Kd3 dxe4+ 14.
Kxe4 Qxf1 15. g5 Bg4 16. a4 O-O-O 17. a5 Rhe8# 0-1

[Event "Challenge"]
[Site "http://www.queenalice.com/game.php?id=671694"]
[Date "2009.10.24"]
[Round "-"]
[White "fabiobatalha"]
[Black "umgeher"]
[Result "1-0"]
[WhiteElo "1235"]
[BlackElo "1511"]

1. d4 c5 2. dxc5 e5 3. c3 Bxc5 4. b4 Be7 5. Qd5 Nc6 6. e3 Nf6 7. Qd1 d5 8. Nf3
Bg4 9. Bb5 Bxf3 10. Qxf3 e4 11. Qf4 Bd6 12. Qg5 h6 13. Qxg7 Kd7 14. Qxf7+ Be7
15. Bxc6+ bxc6 16. Qg7 Nh5 17. Qe5 Bg5 18. h4 Bf6 19. Qxh5 Bg5 20. hxg5 hxg5 21.
Qg4+ Kc7 22. Rxh8 Qxh8 23. Qh3 Qxh3 24. gxh3 Rh8 25. Nd2 Rxh3 26. Ke2 Rh1 27.
Bb2 Rh2 28. a4 a6 29. Rg1 Rh5 30. a5 Kd6 31. Nb3 1-0

[Event "Challenge"]
[Site "http://www.queenalice.com/game.php?id=674330"]
[Date "2009.10.29"]
[Round "-"]
[White "umgeher"]
[Black "fabiobatalha"]
[Result "1-0"]
[WhiteElo "1524"]
[BlackElo "1285"]

1. c4 c6 2. e4 e5 3. d3 Qa5+ 4. Bd2 Bb4 5. Nf3 f6 6. a3 Bxd2+ 7. Nfxd2 Qc5 8.
Nb3 Qb6 9. c5 Qc7 10. Nc3 Na6 11. d4 exd4 12. Qxd4 Qe5 13. Qxe5+ fxe5 14. Bxa6
bxa6 15. O-O-O Nf6 16. f3 Rb8 17. g4 g5 18. Na5 h5 19. Rd6 Rh6 20. h3 Ng8 21.
Rxh6 Nxh6 22. gxh5 Ke7 23. h4 gxh4 24. Rxh4 Nf7 25. h6 Kf8 26. h7 Kg7 27. Nc4
Rb3 28. Nd6 Nh6 29. Nf5+ Kxh7 30. Rxh6+ Kg8 31. Ne7+ Kg7 32. Rh5 Rb8 33. Rg5+
Kf6 34. Nxc8 Kxg5 35. Nd6 Rf8 36. b4 Rxf3 37. Nb1 Rf1+ 38. Kc2 Kf4 39. Nd2 Re1
40. Kd3 Ra1 41. N6c4 d5 42. exd5 cxd5 43. c6 Rh1 44. c7 Rh8 45. Nd6 Rc8 46. Nxc8
1-0

[Event "Challenge"]
[Site "http://www.queenalice.com/game.php?id=675758"]
[Date "2009.11.1"]
[Round "-"]
[White "flaviovieira"]
[Black "fabiobatalha"]
[Result "1-0"]
[WhiteElo "1745"]
[BlackElo "1254"]

1. e4 c6 2. Nf3 d5 3. e5 f6 4. d4 Nd7 5. Bf4 Qb6 6. b3 g5 7. Bg3 g4 8. Nh4 Bg7
9. c3 fxe5 10. dxe5 Bxe5 11. Bxe5 Nxe5 12. g3 Nh6 13. Be2 Bf5 14. Nxf5 Nxf5 15.
Bxg4 Rf8 16. Bh5+ Kd7 17. O-O Ng7 18. Re1 Rf5 19. Bg4 Nf3+ 20. Bxf3 e6 21. c4
Qb4 22. cxd5 cxd5 23. Nd2 Qc3 24. Bg4 h5 25. Bxf5 Nxf5 26. Nc4 1-0

[Event "Challenge"]
[Site "http://www.queenalice.com/game.php?id=675759"]
[Date "2009.11.1"]
[Round "-"]
[White "MillaA"]
[Black "fabiobatalha"]
[Result "0-1"]
[WhiteElo "1055"]
[BlackElo "1215"]

1. h4 d5 2. e3 Bf5 3. Nc3 Qd7 4. Ba6 Nxa6 5. Nxd5 Qxd5 6. Nf3 Qc5 7. Nd4 e5 8.
Nxf5 Nb4 9. a3 Nxc2+ 10. Qxc2 Qxc2 11. Nxg7+ Bxg7 12. g4 e4 13. Rh3 Bxb2 14. f3
Bxa1 15. fxe4 Qxc1+ 16. Ke2 Rd8 17. Kf2 Rxd2+ 18. Kg3 Nf6 19. g5 Nxe4+ 20. Kg4
Qf1 21. Rf3 Rf2 22. Rxf2 Qxf2 23. Kh5 Qxe3 24. Kh6 Qh3 25. Kh5 f6 26. gxf6 Nxf6+
27. Kh6 Qxh4+ 28. Kg7 Rg8# 0-1

[Event "Challenge"]
[Site "http://www.queenalice.com/game.php?id=676086"]
[Date "2009.11.1"]
[Round "-"]
[White "MillaA"]
[Black "fabiobatalha"]
[Result "0-1"]
[WhiteElo "1023"]
[BlackElo "1286"]

1. d4 c6 2. e3 f6 3. a4 Qa5+ 4. Qd2 Qh5 5. Be2 Qg6 6. a5 d5 7. Nc3 Bf5 8. Nxd5
Bxc2 9. Qxc2 Qxc2 10. f4 cxd5 11. Bh5+ g6 12. Bg4 Qxg2 13. Ne2 Qxh1+ 14. Kd2 Na6
15. b4 Nxb4 16. Nc3 Nh6 17. Ba3 Qxa1 18. Ke2 Qxa3 19. Nxd5 Nxg4 20. Nxb4 Qxb4
21. Kd3 f5 22. d5 Rc8 23. h3 Nf2+ 24. Ke2 Rc2+ 25. Kf3 Qe4+ 26. Kg3 Qxe3+ 27.
Kh4 Qxf4# 0-1

[Event "Challenge"]
[Site "http://www.queenalice.com/game.php?id=676337"]
[Date "2009.11.2"]
[Round "-"]
[White "bumpywater"]
[Black "fabiobatalha"]
[Result "1-0"]
[WhiteElo "1691"]
[BlackElo "1296"]

1. e4 d5 2. e5 Nd7 3. d4 e6 4. Nf3 f6 5. Bb5 c6 6. Ba4 b5 7. Bb3 Qb6 8. a3 c5 9.
Be3 Qa5+ 10. Bd2 Qc7 11. O-O g5 12. exf6 Ndxf6 13. Nxg5 c4 14. Ba2 Qg7 15. Nc3
a6 16. Re1 h6 17. Nxe6 Qd7 18. Nc5+ Qe7 19. Rxe7+ Bxe7 20. Qe2 Ne4 21. N5xe4
dxe4 22. Qxe4 Nf6 23. Qxa8 Kd7 24. Re1 Bd6 25. Qa7+ Kc6 26. b4 Rh7 27. Qa8+ Kc7
28. a4 Rh8 29. Nd5+ Nxd5 30. Qxd5 Bb7 31. Qf7+ Kb8 32. axb5 Ka7 33. Bxc4 Rf8 34.
Qd7 Bb8 35. Re6 Rc8 36. Rxa6# 1-0

[Event "Challenge"]
[Site "http://www.queenalice.com/game.php?id=677990"]
[Date "2009.11.5"]
[Round "-"]
[White "fabiobatalha"]
[Black "umgeher"]
[Result "0-1"]
[WhiteElo "1295"]
[BlackElo "1517"]

1. d4 Nc6 2. d5 Ne5 3. Bf4 d6 4. Bxe5 dxe5 5. Nf3 e6 6. Nxe5 Nf6 7. Nc3 exd5 8.
Nb5 c6 9. Nd4 Bc5 10. Nb3 O-O 11. g4 Bxg4 12. Nxg4 Nxg4 13. Nxc5 Re8 14. Nxb7
Qf6 15. h3 Nxf2 16. Qc1 Nxh1 17. b3 Qh4+ 18. Kd2 Qb4+ 19. c3 Qxb7 20. Qa3 Nf2
21. Bg2 Qb6 22. Rf1 Qe3+ 23. Ke1 Qxe2# 0-1

[Event "Challenge"]
[Site "http://www.queenalice.com/game.php?id=685054"]
[Date "2009.11.18"]
[Round "-"]
[White "fabiobatalha"]
[Black "umgeher"]
[Result "0-1"]
[WhiteElo "1258"]
[BlackElo "1570"]

1. d4 Nf6 2. e3 e6 3. Nc3 Bb4 4. Nf3 O-O 5. h4 b6 6. h5 Ne4 7. a3 Bxc3+ 8. bxc3
d5 9. Bd3 Qf6 10. Bxe4 Nc6 11. Bd3 e5 12. Rh4 e4 13. Bb5 Na5 14. Ne5 Qxh4 15.
Nd7 Re8 16. g3 Qh1+ 17. Kd2 Qxd1+ 18. Kxd1 c6 19. Bxc6 Nxc6 20. Ne5 Nxe5 21.
dxe5 Rxe5 22. g4 Rg5 23. Rb1 Bxg4+ 24. Kd2 Rxh5 25. Rb4 Rh1 26. c4 Rd1+ 27. Kc3
Rxc1 28. Rb5 dxc4 29. Rb4 Be6 30. f4 Rb8 31. Ra4 a5 32. Rxc4 Bxc4 33. Kxc4 Rxc2+
34. Kd4 Re8 35. Kd5 Rd2+ 36. Kc6 Rc8+ 37. Kxb6 Rb2+ 38. Kxa5 Ra8# 0-1

[Event "Challenge"]
[Site "http://www.queenalice.com/game.php?id=685055"]
[Date "2009.11.18"]
[Round "-"]
[White "umgeher"]
[Black "fabiobatalha"]
[Result "1-0"]
[WhiteElo "1578"]
[BlackElo "1254"]

1. c4 d5 2. cxd5 Qxd5 3. Nc3 Qd7 4. e4 g6 5. d4 h5 6. d5 e5 7. Bg5 Qg4 8. h4
Qxd1+ 9. Rxd1 c5 10. Nf3 Bg4 11. Bb5+ Nd7 12. O-O a6 13. Ba4 Bxf3 14. gxf3 Be7
15. d6 Bf6 16. Nd5 Bxg5 17. Nc7+ Kd8 18. Nxa8 Bxh4 19. Nc7 Bf6 20. Nd5 h4 21.
Kh2 h3 22. Rd3 c4 23. Rc3 b5 24. Bc2 Nc5 25. b3 Ne6 26. Rd1 Bg5 27. d7 Bf4+ 28.
Nxf4 Nxf4 29. bxc4 Ne2 30. Rb3 Nf6 31. cxb5 axb5 32. Rxb5 Nxd7 33. Rb8+ Ke7 34.
Rxh8 Nc3 35. a4 Kf6 36. Rxd7 Ne2 37. Bb3 1-0